000
00276nam a22001337a 4500
008
170220b xxu||||| |||| 00| 0 eng d
020
_a
000958919
041
_a
eng
080
_2
4TH
_a
61
100
_a
4
101
_a
SHM
245
_a
MED-MATH
_c
BUCHHOLZ, S
942
_2
udc
_c
BK
999
_c
5871
_d
5871